000 00557nam a2200157Ia 4500
008 100122s9999 xx 000 0 und d
082 _b61773
_a641
100 _aगाला ध रा
245 _aरसाहार करा निरोगी राहा
260 _bगाला पब्लिशर्स
_c1988
300 _a175
630 _aरसाहार करा निरोगी राहा
700 _aगाला धीरेन
730 _aरसाहार करा निरोगी राहा
942 _cBOOK
999 _c436414
_d436411